[Event "Ch Greece (team)"]
[Site "masterchessopen.com Ermioni (Greece)"]
[Round "8"]
[White "Ntiloudi Despina (GRE)"]
[Black "Manelidou Maria (GRE)"]
[Result "1-0"]
[WhiteElo "1961"]
[BlackElo "1847"]

1.d4 d5 2.c4 dxc4 3.e3 Nf6 4.Nf3 e6 5.Bxc4 c5 6.O-O a6 7.b3 Nc6 8.Bb2 b5 9.Be2
Bb7 10.a4 bxa4 11.Rxa4 cxd4 12.Nxd4 Nxd4 13.Rxd4 Qb6 14.Nd2 Bd5 15.Bf3 Rb8
16.Bxd5 Nxd5 17.e4 Nf4 18.Nc4 Qc7 19.Rd2 Ng6 20.Qa1 f6 21.Qa4+ Rb5 22.Qxa6 Rh5
23.Qa4+ {#r} 1-0

[Event "Ch MinPros (b)"]
[Site "masterchessopen.com Nizhnij Novgorod (Russia)"]
[Round "0"]
[White "Arkhipenko Daniil (RUS)"]
[Black "Dergunov Alexey (RUS)"]
[Result "1-0"]
[WhiteElo "2173"]
[BlackElo "2022"]

1.d4 d5 2.c4 dxc4 3.Nf3 Nf6 4.e3 e6 5.Bxc4 c5 6.O-O a6 7.a4 Nc6 8.Qe2 cxd4
9.Rd1 Be7 10.exd4 Nb4 11.Nc3 Nfd5 12.Ne5 O-O 13.Nxd5 exd5 14.Bb3 Bf5 15.Be3
Bd6 16.h3 Qe7 17.Qd2 f6 18.Nf3 Qe4 19.Ne1 Rfe8 20.Rac1 {#r} 1-0

[Event "Ch Pan-American (juniors) (under 18)"]
[Site "masterchessopen.com South America"]
[Date "2006.08.03"]
[Round "1"]
[White "Guerrero Juan (ECU)"]
[Black "Ordinola Bravo Juan (PER)"]
[Result "1-0"]
[WhiteElo "1884"]
[BlackElo "2031"]

1.d4 d5 2.c4 dxc4 3.e3 Nf6 4.Bxc4 e6 5.Nf3 c5 6.O-O a6 7.a4 Nc6 8.Qe2 Be7
9.Rd1 cxd4 10.exd4 O-O 11.Nc3 Qc7 12.Bg5 Rd8 13.Rac1 Qa5 14.d5 Nxd5 15.Nxd5
Bxg5 16.Nxg5 exd5 17.Rxd5 Bg4 18.Rxd8+ Rxd8 19.Qxg4 Ne5 20.Qf4 Nxc4 21.Qxf7+
Kh8 22.Qh5 {#r} 1-0

[Event "It (open)"]
[Site "masterchessopen.com Latschach (Austria)"]
[Date "2006.08.16"]
[Round "6"]
[White "Sebenik Matej (SLO)"]
[Black "Mazi Leon (SLO)"]
[Result "0-1"]
[WhiteElo "2417"]
[BlackElo "2359"]

1.d4 d5 2.Nf3 Nf6 3.c4 dxc4 4.e3 e6 5.Bxc4 c5 6.O-O a6 7.a4 b6 8.Qe2 cxd4
9.Rd1 Be7 10.exd4 O-O 11.Nc3 Ra7 12.Ne5 Nd5 13.Rd3 Bf6 14.Rh3 g6 15.Bh6 Bg7
16.Bxg7 Nf4 17.Qe3 Nxh3+ 18.Qxh3 Kxg7 19.Rd1 Rc7 20.Bb3 Nc6 21.f4 f6 22.Ng4 h5
23.Ne3 Nxd4 24.f5 exf5 25.Qg3 Rxc3 {#R} 0-1

[Event "It (open)"]
[Site "masterchessopen.com Bad Wiessee (Germany)"]
[Date "2006.11.05"]
[Round "2"]
[White "Vasilevich Tatjana (UKR)"]
[Black "Dietze Frank-Heinz (GER)"]
[Result "1-0"]
[WhiteElo "2396"]
[BlackElo "2129"]

1.d4 d5 2.c4 dxc4 3.e3 Nf6 4.Bxc4 e6 5.Nf3 c5 6.O-O a6 7.a4 Nc6 8.Qe2 Qc7
9.Nc3 Bd6 10.h3 O-O 11.Rd1 b6 12.d5 exd5 13.Bxd5 Bb7 14.e4 Rae8 15.Be3 Bf4
16.Rac1 Bxe3 17.Qxe3 Nd4 18.Nxd4 Bxd5 19.Nf5 Bxe4 20.Nd6 Bc2 21.Nxe8 Rxe8
22.Nd5 Rxe3 23.Nxc7 Bxd1 24.Rxd1 {#r} 1-0

[Event "It (open) \"]
[Site "masterchessopen.com Narva (Estonia)"]
[Date "2006.11.08"]
[Round "1"]
[White "Zacurdajev Mikhail (RUS)"]
[Black "Vovk Ilja (EST)"]
[Result "1-0"]
[WhiteElo "2376"]
[BlackElo "2265"]

1.d4 d5 2.c4 dxc4 3.Nf3 c5 4.e3 e6 5.Bxc4 Nf6 6.O-O a6 7.a4 Nc6 8.Qe2 Qc7
9.Nc3 Bd6 10.h3 O-O 11.Rd1 b6 12.dxc5 Bxc5 13.e4 Nd7 14.e5 Ndxe5 15.Bf4 f6
16.Ne4 Bb4 17.Rac1 Qe7 18.Nxe5 Nxe5 19.Bxe5 fxe5 20.Qh5 Bb7 21.Ng5 g6 22.Bxe6+
Kh8 23.Qh6 Bc8 24.Bf7 Rxf7 25.Rd8+ {#r} 1-0

[Event "Ch Asia (juniors) (under 20)"]
[Site "masterchessopen.com Delhi (India)"]
[Date "2006.11.11"]
[Round "6"]
[White "Akshat Khamparia (IND)"]
[Black "Dhruv Hingorani (IND)"]
[Result "1-0"]
[WhiteElo "2236"]
[BlackElo "1953"]

1.d4 d5 2.c4 dxc4 3.Nf3 Nf6 4.e3 c5 5.Bxc4 e6 6.O-O a6 7.a4 Nc6 8.Qe2 Qc7
9.Rd1 Be7 10.dxc5 Bxc5 11.b3 O-O 12.Bb2 Nd7 13.Nbd2 Nde5 14.Rac1 Nxf3+ 15.Nxf3
Qe7 16.Bd3 b6 17.Qc2 f5 18.Bc4 Bb7 19.Qc3 Rf6 20.Ng5 Bb4 21.Bxe6+ Qxe6 22.Qc2
Qe7 23.Bxf6 gxf6 {#r} 1-0

[Event "Ch Europe (active)"]
[Site "masterchessopen.com Warsaw (Poland)"]
[Date "2006.12.17"]
[Round "13"]
[White "Jakubowski Marcin (POL)"]
[Black "Tomczak Jacek (POL)"]
[Result "0-1"]
[WhiteElo "2229"]
[BlackElo "2420"]

1.d4 d5 2.Nf3 Nf6 3.c4 dxc4 4.e3 e6 5.Bxc4 c5 6.O-O a6 7.dxc5 Bxc5 8.Qxd8+
Kxd8 9.a3 Nbd7 10.b4 Bd6 11.Bb2 a5 12.bxa5 Rxa5 13.Nbd2 Nb6 14.Be2 Ke7 15.Nb3
Ra8 16.Rfd1 Bd7 17.Bd4 Nbd5 18.Nc5 Bc8 19.a4 b6 20.Nb3 Bb4 21.Bb5 Bb7 22.Rac1
Rhc8 23.Ne5 Bc3 24.h3 Ne4 25.Bxc3 Nexc3 26.Rd4 f6 {#R} 0-1

[Event "It (open)"]
[Site "masterchessopen.com Marianske Lazne (Czech Republic)"]
[Date "2007.01.26"]
[Round "8"]
[White "Mazja Aleksandr G (RUS)"]
[Black "Snorek Milan (CZE)"]
[Result "1-0"]
[WhiteElo "2314"]
[BlackElo "2061"]

1.d4 d5 2.c4 dxc4 3.e3 Nf6 4.Bxc4 e6 5.Nf3 c5 6.O-O a6 7.a4 Nc6 8.Nc3 Be7
9.Qe2 cxd4 10.Rd1 O-O 11.exd4 Nd5 12.Ne5 Ncb4 13.a5 Bd7 14.Bb3 Bc6 15.Nxc6
bxc6 16.Ne4 Ra7 17.Bd2 Bf6 18.Qc4 Qe7 19.Nc5 Bxd4 20.Qxd4 e5 21.Qc4 Rb8 22.Ra4
Rb5 23.Bxb4 Ra8 24.Ba3 {#r} 1-0

[Event "It (open)"]
[Site "masterchessopen.com Nova Gorica (Slovenia)"]
[Date "2007.01.27"]
[Round "3"]
[White "Ivanisevic Ivan (SRB)"]
[Black "Stevic Hrvoje (CRO)"]
[Result "1-0"]
[WhiteElo "2607"]
[BlackElo "2531"]

{ Stevic Hrvoje (CRO) +9 =19 -7 } 1.d4 d5 2.c4 dxc4 3.Nf3 Nf6 4.e3 e6 5.Bxc4
c5 6.O-O a6 7.Nc3 b5 8.Bb3 Bb7 { = } 9.e4 ( 9.Qe2 Nbd7 10.Rd1 Qb8 11.Bc2 Bd6
12.dxc5 Bxc5 13.h3 O-O 14.e4 Nb6 15.Bg5 b4 16.Nb1 h6 17.Bxf6 gxf6 18.Nbd2 Rd8
19.Nb3 Bf8 20.Na5 Qc7 21.Rxd8 Rxd8 22.Bd3 Ba8 23.Bxa6 Qa7 24.Rc1 Bxe4 25.Qxe4
Qxa6 26.Qg4+ Kh8 27.Qh5 Rd7 28.Rc6 Qa7 { ...1-0, Navara David 2719 - Heberla
Bartlomiej 2551 , Fuegen 13.10.2006 Cup European Club } ) 9...c4 { N } (
9...cxd4 10.Nxd4 Nbd7 ( 10...Nc6 11.Be3 Na5 12.Qe2 Bd6 13.Rfd1 Qb8 14.g3 O-O
15.f3 Rc8 16.Bf2 Nxb3 17.Nxb3 Bb4 18.Rac1 Qe5 19.Nd4 Qh5 20.Qe3 Rd8 21.Nce2 e5
22.Nf5 Rxd1+ 23.Rxd1 Bxe4 24.fxe4 Ng4 25.Qf3 Qxh2+ 26.Kf1 Qh3+ 27.Kg1 Qh2+
28.Kf1 Qh3+ 29.Kg1 { ...1/2-1/2, Marin Mihail 2552 - Vysochin Spartak 2531 ,
Predeal 8.11.2006 Ch Romania (team) } ) 11.Re1 Nc5 12.e5 Nxb3 13.axb3 Bc5
14.Be3 Bxd4 15.Bxd4 Nd7 16.Qg4 O-O 17.Rad1 Qe7 18.Rd3 Qb4 19.Rg3 g6 20.h4 Rfd8
21.h5 Nb8 22.hxg6 hxg6 23.Be3 Qxg4 24.Rxg4 Rd3 25.Kf1 Nd7 26.Bd4 Rd2 27.Nb1
Rd3 28.Nc3 Rd2 29.Nb1 { ...0-1, Marin Mihail 2541 - Ivanov Victor L 2494 ,
Moscow 16. 2.2005 It (open) "Aeroflot" (b) } ) ( 9...Nxe4 10.Nxe4 Bxe4 11.Re1
Bxf3 12.Qxf3 Nd7 13.Bxe6 fxe6 14.Rxe6+ Be7 15.Bg5 Rf8 16.Rxe7+ Qxe7 17.Qxa8+
Kf7 18.Bxe7 Rxa8 19.Bxc5 Nxc5 20.dxc5 Ke6 21.Rc1 a5 22.c6 h6 23.c7 Rc8 24.g3
Kd6 25.f4 Rxc7 26.Rxc7 Kxc7 27.Kf2 Kd6 28.Ke3 Kd5 29.Kd3 { ...1-0, Galanov
Yury 2023 - Magomedov Mamed, Zelenograd 2003 Ch Russia (juniors) (for the
Deaf) } ) ( 9...Be7 10.e5 Nd5 11.Nxd5 Bxd5 12.Bxd5 Qxd5 13.dxc5 Qxd1 14.Rxd1
Bxc5 15.Bf4 Nd7 16.Rac1 h6 17.Rxd7 Kxd7 18.Rxc5 Rhc8 19.Be3 Rxc5 20.Bxc5 Kc6
21.Bd6 Kd5 22.Kf1 Rc8 23.Bb4 Rc1+ 24.Ne1 Rc4 25.Bf8 g6 26.Bxh6 Kxe5 27.Ke2 Kf5
28.Be3 Ke4 29.f3+ { ...0-1, Mira Helene 2136 - Zaiatz Elena 2331 , Varna 2002
Ch Europe (w) } ) 10.Bc2 b4 { N } ( 10...Be7 11.Qe2 Nc6 12.Rd1 O-O 13.d5 exd5
{ +0.15 CAP } ) 11.e5 bxc3 12.exf6 cxb2 13.Bxb2 gxf6 14.d5 Bxd5 15.Qe2 Nd7
16.Rad1 Nc5 { ?! } ( 16...Be7 { !? } 17.Bc3 Nc5 18.Qe3 Qd7 19.Qh6 { } )
17.Rxd5 Qxd5 18.Bxf6 Rg8 19.Rd1 Qh5 20.Qxc4 Be7 21.Ne5 Rg5 22.Ba4+ Kf8
23.Bxe7+ Kxe7 24.Qxc5+ Kf6 25.Qd4 { +2.38 CAP } {#r} 1-0

[Event "Memorial G.Agzamov (open)"]
[Site "masterchessopen.com Tashkent (Uzbekistan)"]
[Date "2007.03.18"]
[Round "3"]
[White "Sattarov F (UZB)"]
[Black "Eminov Adkham (UZB)"]
[Result "1-0"]
[WhiteElo "2348"]
[BlackElo "2240"]

1.d4 d5 2.c4 dxc4 3.Nf3 Nf6 4.e3 e6 5.Bxc4 c5 6.O-O a6 7.Bd3 b5 8.a4 b4 9.Nbd2
Bb7 10.e4 cxd4 11.e5 Nfd7 12.Nc4 Bc5 13.Ng5 Nc6 14.f4 Qe7 15.Bd2 g6 16.Qe1 Kf8
17.Rc1 Kg7 18.Ne4 Rac8 19.Ncd6 Ncxe5 20.fxe5 Nxe5 21.Nxc5 Nxd3 22.Rxf7+ Qxf7
23.Nxe6+ Kg8 24.Nxf7 Kxf7 25.Ng5+ {#r} 1-0

[Event "Ch Bulgaria"]
[Site "masterchessopen.com Pernik (Bulgaria)"]
[Date "2007.03.19"]
[Round "12"]
[White "Rusev Krasimir (BUL)"]
[Black "Kozhuharov Spas (BUL)"]
[Result "1-0"]
[WhiteElo "2479"]
[BlackElo "2463"]

1.d4 d5 2.Nf3 Nf6 3.c4 dxc4 4.e3 e6 5.Bxc4 c5 6.O-O a6 7.Bd3 Nbd7 8.Re1 b6
9.e4 cxd4 10.e5 Nd5 11.Nxd4 Bb7 12.Nxe6 Qe7 13.Nxf8 Nxf8 14.Nd2 Ne6 15.Ne4 O-O
16.Qh5 h6 17.Bxh6 gxh6 18.Qxh6 f5 19.exf6 Nxf6 20.Bc4 Nd5 21.Qg6+ {#r} 1-0

[Event "Bundesliga 2006/07"]
[Site "masterchessopen.com Germany"]
[Round "14"]
[White "Werle Jan (NED)"]
[Black "Mainka Romuald (GER)"]
[Result "0-1"]
[WhiteElo "2568"]
[BlackElo "2496"]

{ Werle Jan (NED) +4 =0 -1 Mainka Romuald (GER) +0 =4 -1 } 1.Nf3 d5 2.d4 e6
3.c4 dxc4 4.e3 Nf6 5.Bxc4 c5 6.O-O a6 7.a4 ( 7.dxc5 Qxd1 8.Rxd1 Bxc5 9.b3 Nbd7
10.Bb2 b6 11.Nbd2 Bb7 12.Be2 O-O 13.Ne1 Rfd8 14.Nd3 Be7 15.Nc4 Rac8 16.Rac1
Ne4 17.f3 Nd6 18.Ba3 Nf5 19.Bxe7 Nxe7 20.Nd6 Rxc1 21.Nxc1 Bc6 22.Bxa6 Nd5
23.e4 Ne3 24.Rd2 Nc5 25.Be2 f5 26.exf5 exf5 { ...1-0, Werle Jan 2393 - Jonkman
Harmen 2436 , Groningen 2002 It (cat.9) } ) 7...Nc6 8.Qe2 Be7 9.Rd1 cxd4
10.exd4 O-O 11.Nc3 Nd5 12.Bb3 { ? } ( 12.Ne5 Ncb4 13.Qg4 Kh8 14.Qf3 Kg8 15.a5
Ra7 16.Bd2 Bf6 17.Ne4 Nc2 18.Bxd5 Bxe5 19.dxe5 exd5 20.Nf6+ Kh8 21.Bg5 Nxa1
22.Qd3 gxf6 23.Bxf6+ Qxf6 24.exf6 Ra8 25.Rxa1 Be6 26.Ra4 Rac8 27.h3 Rg8 28.Rh4
Rg6 29.b3 d4 30.Rxd4 Rc1+ 31.Kh2 Rxf6 { ...1-0, Kouatly Bachar 2430 -
Marjanovic Slavoljub 2515 , Marseilles 1986 It (cat.10) } ) 12...Ncb4 { ? } (
12...Re8 13.h4 Ncb4 14.h5 b6 15.Ne5 Bb7 16.a5 b5 17.h6 g6 18.Ne4 Nc7 19.Nc5
Bd5 20.Ra3 Nc6 21.Bxd5 Qxd5 22.Ncd7 Rad8 23.Nxc6 Rxd7 24.Nxe7+ Rexe7 25.Rc3 f6
26.Be3 Kf7 27.Rdc1 Qb7 28.Rc5 Nd5 29.Qf3 Nb4 30.Qe2 Rc7 31.Bf4 Rxc5 32.dxc5 {
...1/2-1/2, Kramnik Vladimir 2770 - Kasparov Garry 2849 , London 2000 Ch World
(match) "Braingames" } ) 13.Ne5 Bd7 { ? } 14.Qf3 ( 14.Qg4 Nf6 15.Qg3 Kh8 16.d5
exd5 17.Nxd5 Nfxd5 18.Bxd5 Bc6 19.Bh6 gxh6 20.Bxc6 Qb8 21.Bxb7 Qxb7 22.Rd7 Qb6
23.Rxe7 Qf6 24.Nxf7+ Rxf7 25.Rxf7 Qxf7 26.Qc3+ Qg7 27.Qxb4 a5 28.Qb6 Qe5
29.Rd1 Rb8 30.Qxh6 Qxb2 31.Qe3 Qb3 32.Rd8+ Kg7 33.Qe5+ { 1-0, Milov Vadim 2652
- Gouliev Namig 2572 , Bastia 1.11.2005 It "Corsica Masters" (open) } )
14...Bc6 { N } ( 14...Be8 15.Qh3 Rc8 16.Bd2 Qd6 17.Nxd5 Nxd5 18.Bxd5 exd5
19.Qxc8 Bxa4 20.Qc3 { 1-0, Hansen Curt 2612 - Sorensen Torben 2368 , Hinnerup
1979 Ch Denmark (juniors) } ) 15.Qg3 { +0.15 CAP } 15...Kh8 16.Ne4 Rc8 17.Bd2
Be8 18.Bc3 b6 19.Rac1 f6 20.Bxb4 Rxc1 21.Rxc1 Nxb4 22.Nf3 Nd5 23.Nc3 { ?! } (
23.Bxd5 { !? } 23...exd5 24.Nc3 Bd6 25.Qh3 Bf7 26.Nh4 Re8 27.Nf5 Bf4 28.Ne3
Qd6 { } ) 23...Bd6 24.Qh4 Nf4 25.Bc2 h5 26.Ne5 g5 { } {#R} 0-1

[Event "Ch Poland (juniors) (under 18) (g)"]
[Site "masterchessopen.com Leba (Poland)"]
[Date "2007.04.01"]
[Round "11"]
[White "Radziewicz Katarzyna (POL)"]
[Black "Nowak Malgorzata (POL)"]
[Result "0-1"]
[WhiteElo "1928"]
[BlackElo "2022"]

1.d4 d5 2.Nf3 Nf6 3.c4 dxc4 4.e3 e6 5.Bxc4 c5 6.O-O a6 7.a4 Nc6 8.Qe2 cxd4
9.Rd1 Qc7 10.exd4 Be7 11.Nc3 O-O 12.h3 Rd8 13.d5 exd5 14.Bxd5 Nb4 15.Bb3 Rxd1+
16.Nxd1 Bf5 17.Bg5 h6 18.Bh4 Nd3 19.Ne3 Bg6 20.Nc4 Bc5 21.Bg3 Qxg3 {#R} 0-1

[Event "Ch World (schools) (under 15)"]
[Site "masterchessopen.com Halkidiki (Greece)"]
[Date "2007.04.29"]
[Round "2"]
[White "Gauri Shankar (IND)"]
[Black "Rigopoulos Alexandros (GRE)"]
[Result "1-0"]
[WhiteElo "2251"]
[BlackElo "1913"]

1.d4 d5 2.c4 dxc4 3.Nf3 Nf6 4.e3 e6 5.Bxc4 c5 6.O-O a6 7.dxc5 Qxd1 8.Rxd1 Bxc5
9.Be2 O-O 10.Nbd2 Nbd7 11.Nb3 Be7 12.Nbd4 Nc5 13.Ne5 Nd5 14.Bf3 Rd8 15.Nc4 Bf6
16.e4 Nb4 17.e5 Rxd4 18.Rxd4 Nc2 19.Rd2 Nxa1 20.exf6 gxf6 21.Rd8+ Kg7 22.Nb6
{#r} 1-0

[Event "Ch Russia (club) (hl)"]
[Site "masterchessopen.com Sochi (Russia)"]
[Date "2007.05.08"]
[Round "7"]
[White "Askarov Marat (RUS)"]
[Black "Tonoian Armen (RUS)"]
[Result "0-1"]
[WhiteElo "2516"]
[BlackElo "2398"]

1.d4 d5 2.Nf3 Nf6 3.c4 dxc4 4.e3 e6 5.Bxc4 c5 6.O-O a6 7.Bb3 cxd4 8.Nxd4 Be7
9.Nc3 Nc6 10.Qe2 Qc7 11.Nf3 Bd6 12.e4 Ng4 13.e5 Ngxe5 14.Rd1 Nxf3+ 15.gxf3
Bxh2+ 16.Kg2 Be5 17.Qe4 f5 18.Qh4 Bf6 19.Bg5 Bxg5 20.Qxg5 O-O 21.Na4 {#R} 0-1

[Event "It (open)"]
[Site "masterchessopen.com Galatzi (Romania)"]
[Date "2007.05.09"]
[Round "2"]
[White "Grigore George-Gabriel (ROM)"]
[Black "Bonte Andrei (ROM)"]
[Result "1-0"]
[WhiteElo "2538"]
[BlackElo "2334"]

1.d4 d5 2.c4 dxc4 3.Nf3 Nf6 4.e3 e6 5.Bxc4 c5 6.O-O a6 7.Bb3 Nc6 8.Nc3 cxd4
9.exd4 Be7 10.Bg5 O-O 11.Qd2 Na5 12.Bc2 b5 13.Rad1 Bb7 14.Qf4 Rc8 15.Qh4 h6
16.Bxh6 gxh6 17.Qxh6 Rxc3 18.Qg5+ Kh8 19.bxc3 Ne4 20.Qh6+ Kg8 21.d5 f5 22.Bxe4
fxe4 23.dxe6 exf3 24.Rxd8 Rxd8 25.Qg6+ Kh8 26.Qh5+ {#r} 1-0

[Event "It \"]
[Site "masterchessopen.com Donskoj (Russia)"]
[Date "2007.07.14"]
[Round "9"]
[White "Ivanov Igor Y (RUS)"]
[Black "Saulin Dmitri (RUS)"]
[Result "0-1"]
[WhiteElo "2211"]
[BlackElo "2409"]

1.d4 d5 2.Nf3 Nf6 3.c4 dxc4 4.e3 c5 5.Bxc4 e6 6.O-O a6 7.dxc5 Qxd1 8.Rxd1 Bxc5
9.Nc3 b5 10.Bb3 Bb7 11.Bd2 Nbd7 12.a4 b4 13.Ne2 a5 14.Ng3 Rc8 15.Rac1 Ke7
16.Bc4 {#R} 0-1

[Event "It (open)"]
[Site "masterchessopen.com Cesky Krumlov (Czech Republic)"]
[Date "2007.10.13"]
[Round "1"]
[White "Vales Vaclav (CZE)"]
[Black "Kapoun Milan (CZE)"]
[Result "1-0"]
[WhiteElo "2163"]
[BlackElo "1787"]

1.d4 d5 2.Nf3 Nf6 3.c4 dxc4 4.e3 e6 5.Bxc4 c5 6.O-O a6 7.a4 cxd4 8.exd4 Nc6
9.Nc3 Be7 10.Bg5 Nb4 11.Qb3 O-O 12.Bxf6 gxf6 13.Rad1 Qc7 14.Rfe1 Kh8 15.d5 e5
16.Ne4 Qb6 17.d6 Bd8 18.d7 Nc6 19.Qxb6 Bxb6 20.Nxf6 Nd4 21.Nxe5 Kg7 22.Rxd4
Bxd4 23.Ne8+ Kh6 24.d8=Q Bxe5 25.Rxe5 Rg8 26.Qh4+ {#r} 1-0

[Event "Ch World (juniors) (under 14)"]
[Site "masterchessopen.com Kemer (Turkey)"]
[Date "2007.11.22"]
[Round "5"]
[White "Nikolashvili Giorgi N (GEO)"]
[Black "Atishay Ajmera (IND)"]
[Result "1-0"]
[WhiteElo "2112"]
[BlackElo "1903"]

1.d4 d5 2.c4 dxc4 3.Nf3 Nf6 4.e3 e6 5.Bxc4 c5 6.O-O a6 7.a4 Nc6 8.Nc3 cxd4
9.exd4 Nb4 10.Bg5 Be7 11.Re1 O-O 12.Qe2 h6 13.Bh4 Re8 14.Rad1 Nbd5 15.Ne5 Qd6
16.Ba2 Bd7 17.Bg3 Nxc3 18.bxc3 Qb6 19.Rb1 Qa5 20.Rxb7 Bxa4 21.Nxf7 Kxf7
22.Qxe6+ Kg6 23.Bb1+ Kh5 24.Qh3+ Kg5 25.f4# 1-0

[Event "Memorial Jose Marca (open)"]
[Site "masterchessopen.com Lima (Peru)"]
[Date "2008.01.19"]
[Round "5"]
[White "Morales Luis (COL)"]
[Black "Henostroza Cesar (PER)"]
[Result "1-0"]
[WhiteElo "2040"]
[BlackElo "2190"]

1.d4 d5 2.c4 dxc4 3.e3 Nf6 4.Bxc4 e6 5.Nf3 c5 6.O-O a6 7.Bb3 Nc6 8.Qe2 cxd4
9.Rd1 Be7 10.exd4 O-O 11.a3 b5 12.Nc3 b4 13.Ne4 a5 14.Nxf6+ Bxf6 15.d5 exd5
16.Bxd5 Qc7 17.Bg5 Bxg5 18.Nxg5 Bb7 19.Qe4 g6 20.Qh4 h5 21.Ne4 Ne7 22.Nf6+ Kg7
23.Qd4 Kh6 24.Rac1 Qb8 25.Qe3+ Kg7 26.Qxe7 Bxd5 {#r} 1-0

[Event "It (open)"]
[Site "masterchessopen.com Malaga (Spain)"]
[Date "2008.02.23"]
[Round "1"]
[White "Almeida Omar (CUB)"]
[Black "Mcgrane Stephen (ENG)"]
[Result "1-0"]
[WhiteElo "2519"]
[BlackElo "2018"]

1.d4 Nf6 2.Nf3 d5 3.c4 dxc4 4.e3 e6 5.Bxc4 c5 6.O-O a6 7.Bb3 b5 8.a4 c4 9.Bc2
Bb7 10.axb5 axb5 11.Rxa8 Bxa8 12.Nc3 Qb6 13.Nxb5 Bc6 14.Nc3 Nbd7 15.e4 Be7
16.d5 Bb7 17.Ba4 exd5 18.e5 {#r} 1-0

[Event "Bundesliga B East 2007/08"]
[Site "masterchessopen.com Austria"]
[Date "2008.03.16"]
[Round "11"]
[White "Chernin Alexander (HUN)"]
[Black "Brod Manfred (AUT)"]
[Result "1-0"]
[WhiteElo "2593"]
[BlackElo "2177"]

1.d4 d5 2.Nf3 Nf6 3.c4 dxc4 4.e3 e6 5.Bxc4 c5 6.O-O a6 7.dxc5 Bxc5 8.Qxd8+
Kxd8 9.Be2 Nbd7 10.Nbd2 b5 11.Nb3 Bb6 12.Bd2 Ne4 13.Ba5 f6 14.Rfd1 Bxa5
15.Nxa5 e5 16.Nxe5 fxe5 17.Bf3 Ke8 18.Bxe4 Rb8 19.Rac1 Rf8 20.Rc7 Rf6 21.Bc6
{#r} 1-0

[Event "Ch France (team) 2008"]
[Site "masterchessopen.com France"]
[Date "2008.03.24"]
[Round "3"]
[White "Nguyen Chi-Minh (FRA)"]
[Black "Kallai Gabor (HUN)"]
[Result "1-0"]
[WhiteElo "2421"]
[BlackElo "2462"]

1.d4 d5 2.Nf3 Nf6 3.c4 dxc4 4.e3 e6 5.Bxc4 c5 6.O-O a6 7.Bd3 cxd4 8.exd4 Be7
9.Ne5 O-O 10.Nc3 Nc6 11.Nxc6 bxc6 12.Na4 Rb8 13.Be3 Nd5 14.Rc1 e5 15.Bd2 exd4
16.Rxc6 a5 17.Re1 Bd7 18.Rc4 Bxa4 19.Rxa4 Bb4 20.a3 Nc3 21.bxc3 dxc3 22.Bf4 c2
23.Bxh7+ {#r} 1-0

[Event "Ch Croatia (juniors) (team)"]
[Site "masterchessopen.com Sv. Filip i Jakov (Croatia)"]
[Date "2008.03.25"]
[Round "1"]
[White "Bosiocic Marin (CRO)"]
[Black "Rubil Marko (CRO)"]
[Result "1-0"]
[WhiteElo "2549"]
[BlackElo "2060"]

1.d4 d5 2.c4 dxc4 3.Nf3 Nf6 4.e3 e6 5.Bxc4 c5 6.O-O a6 7.Bb3 b5 8.a4 b4 9.Nbd2
Nbd7 10.e4 Bb7 11.e5 Nd5 12.Nc4 Be7 13.Bg5 O-O 14.Nd6 Bc6 15.Bxe7 Qxe7 16.Rc1
f6 17.Ne4 fxe5 18.Nxc5 exd4 19.Nxe6 Rxf3 20.Qxf3 Ne5 21.Qe4 Qd6 22.Rxc6 Nxc6
23.Bxd5 {#r} 1-0

[Event "Ch Croatia (juniors) (team)"]
[Site "masterchessopen.com Sv. Filip i Jakov (Croatia)"]
[Date "2008.03.26"]
[Round "3"]
[White "Bosiocic Marin (CRO)"]
[Black "Okrugic Tomislav (CRO)"]
[Result "1-0"]
[WhiteElo "2549"]
[BlackElo "1813"]

1.d4 Nf6 2.Nf3 d5 3.c4 dxc4 4.e3 e6 5.Bxc4 c5 6.O-O a6 7.Bb3 b5 8.a4 b4 9.Nbd2
Bb7 10.Re1 Be7 11.e4 cxd4 12.e5 Nd5 13.Nc4 O-O 14.Nxd4 Nc6 15.Nxc6 Bxc6 16.Qg4
Re8 17.Bh6 g6 18.Rad1 Qc7 19.h4 Rad8 20.Bg5 Bxg5 21.hxg5 a5 22.Nd6 Rf8 23.Ne4
Qe7 24.Nf6+ Nxf6 25.gxf6 Qb7 26.Qf4 {#r} 1-0

[Event "Ch Mittelfranken (team) (B1) 2007/08"]
[Site "masterchessopen.com Germany"]
[Date "2008.04.13"]
[Round "8"]
[White "Seeger Peter (GER)"]
[Black "Schoeller Wolfgang (GER)"]
[Result "1-0"]
[WhiteElo "2054"]
[BlackElo "2086"]

1.d4 d5 2.c4 dxc4 3.Nf3 Nf6 4.e3 e6 5.Bxc4 c5 6.O-O a6 7.Bb3 cxd4 8.exd4 Be7
9.Nc3 O-O 10.Re1 Nc6 11.Bg5 b5 12.Qd3 Nb4 13.Qd2 Bb7 14.Ne5 Nbd5 15.Qd3 Rc8
16.Qh3 Nxc3 17.bxc3 Ne4 18.Bxe7 Qxe7 19.Re3 Ng5 20.Qh5 Ne4 21.Rh3 Nf6 22.Qh4
Be4 23.Re1 Bd5 24.Ng4 h5 25.Bxd5 Nxd5 26.Qxh5 f5 {#r} 1-0

[Event "Ch Europe"]
[Site "masterchessopen.com Plovdiv (Bulgaria)"]
[Date "2008.04.21"]
[Round "1"]
[White "Wells Peter K (ENG)"]
[Black "Rigopoulos Alexandros (GRE)"]
[Result "1-0"]
[WhiteElo "2516"]
[BlackElo "2020"]

1.Nf3 d5 2.d4 Nf6 3.c4 dxc4 4.e3 e6 5.Bxc4 c5 6.O-O a6 7.a4 Nc6 8.Qe2 Nb4
9.dxc5 Bxc5 10.e4 b6 11.Nc3 O-O 12.e5 Nfd5 13.Ng5 h6 14.Nge4 Be7 15.Rd1 Bb7
16.Qg4 Kh7 17.Ra3 Qc7 18.Nxd5 exd5 19.Nf6+ Bxf6 20.exf6 Rg8 21.Qf5+ g6 22.Rh3
Rh8 23.Rxh6+ Kg8 24.Qh3 {#r} 1-0

[Event "Tournament (open) (a)"]
[Site "masterchessopen.com Krakow (Poland)"]
[Date "2008.05.24"]
[Round "6"]
[White "Makowka Kamil (POL)"]
[Black "Janik Andrzej (POL)"]
[Result "1-0"]
[WhiteElo "1842"]
[BlackElo "1959"]

1.d4 d5 2.Nf3 Nf6 3.c4 dxc4 4.e3 e6 5.Bxc4 c5 6.O-O a6 7.a4 Qc7 8.Bd3 cxd4
9.exd4 Bd6 10.Bg5 Nbd7 11.Na3 O-O 12.Rc1 Qb8 13.Nc4 Bf4 14.Bxf4 Qxf4 15.Nce5
Nxe5 16.dxe5 Nd5 17.Rc4 Qh6 18.Rh4 {#r} 1-0

[Event "Ch ASEAN (juniors) (under 10)"]
[Site "masterchessopen.com Danang (Vietnam)"]
[Date "2008.06.13"]
[Round "8"]
[White "Azarya Jodi Setyaki (INA)"]
[Black "Nguyen Van Toan Thanh (VIE)"]
[Result "0-1"]
[WhiteElo "1901"]
[BlackElo "1940"]

1.d4 d5 2.c4 dxc4 3.Nf3 Nf6 4.e3 e6 5.Bxc4 c5 6.O-O a6 7.Bb3 b5 8.dxc5 Qxd1
9.Rxd1 Bxc5 10.Nc3 Bb7 11.Bc2 Nbd7 12.b3 Rc8 13.Rd3 Bb4 14.Bb2 Bxf3 15.gxf3
Ne5 16.Rad1 Nxd3 17.Rxd3 O-O 18.Bb1 Rfd8 19.Rxd8+ Rxd8 20.Kg2 Rd2 21.Ba1 Bxc3
22.Bxc3 Rd1 23.Be4 Nxe4 24.fxe4 Rc1 25.Bd4 b4 {#R} 0-1

[Event "Memorial Karl Mala (open)"]
[Site "masterchessopen.com Frankfurt (Germany)"]
[Date "2008.06.27"]
[Round "2"]
[White "Boidman Yuri (GER)"]
[Black "Donchenko Alexander (GER)"]
[Result "1-0"]
[WhiteElo "2415"]
[BlackElo "1877"]

1.Nf3 Nf6 2.d4 d5 3.c4 dxc4 4.e3 e6 5.Bxc4 c5 6.O-O a6 7.a4 Nc6 8.Nc3 Qc7
9.Re1 Bd6 10.Qe2 O-O 11.h3 Rd8 12.dxc5 Bxc5 13.e4 Ne5 14.Nxe5 Qxe5 15.Qf3 Qc7
16.e5 Nd7 17.Bg5 Re8 18.Qg3 Bd4 19.Bd3 Bxe5 20.f4 Bd4+ 21.Kh1 Bf6 22.Ne4 Bxg5
23.Qxg5 h6 24.Qg3 Nc5 25.Nf6+ Kf8 26.Qxg7+ {#r} 1-0